| 000 | 01710nam a2200397 i 4500 | ||
|---|---|---|---|
| 001 | 000041375 | ||
| 003 | DO-SdBNP | ||
| 005 | 20250904081232.0 | ||
| 007 | ta | ||
| 008 | 130705s2007 dr 000 0 spa d | ||
| 040 |
_aDO-SdBNP _bspa _cBNPHU _erda |
||
| 041 | _aspa | ||
| 082 |
_axxxx _bxxx _222 |
||
| 111 | 2 |
_aForo Presidencial por la Excelencia de la Educación _d(2006 : _cSanto Domingo) _956821 |
|
| 245 | 1 | 0 |
_aSituación y perspectivas de la evaluación y la acreditación de la educación superior para promover la calidad / _ccoordinadora, Saturnino de los Santos, Daysi García, Manuel Herazme, Milagros Yost, Mercedes Campusano y otros |
| 264 | 1 |
_aSanto Domingo : _bSEESCyT, _bEditora Manatí, _c2007. |
|
| 300 |
_a56 páginas ; _c23 cm. |
||
| 336 |
_atexto _btxt _2rdacontent |
||
| 337 |
_asin mediación _bn _2rdamedia |
||
| 338 |
_avolumen _bnc _2rdacarrier |
||
| 490 | 1 | _aMesas de trabajo de la SEESCyT | |
| 590 | _aInventariado, 2025/ YL | ||
| 700 | 1 |
_aSantos, Saturnino de los _ecoordinador _4co. _968028 |
|
| 700 | 1 |
_aDaysi García, _ecoordinador _4co. _988572 |
|
| 700 | 1 |
_aManuel Herazme, _ecoordinador _4co. _988573 |
|
| 700 | 1 |
_aMilagros Yost, _ecoordinador _4co. _988574 |
|
| 700 | 1 |
_aMercedes Campusano, _ecoordinador _4co. _988575 |
|
| 700 | 1 |
_aAlmonte, Elésida _ecoordinador _4co. _988576 |
|
| 700 | 1 |
_acuello, César _ecoordinador _4co. _911768 |
|
| 700 | 1 |
_aHernández, José Gabriel _ecoordinador _4co. _988577 |
|
| 700 | 1 |
_aSalazar, Olimpia _ecoordinador _4co. _988578 |
|
| 710 | 1 |
_aRepública Dominicana. _bSecretaría de Estado de Educación Superior, Ciencia y Tecnología _918778 |
|
| 830 | 0 |
_aMesas de trabajo de la SEESCyT _965706 |
|
| 910 | _aYLockward | ||
| 942 |
_2ddc _cLBS1 |
||
| 999 |
_c40865 _d40865 |
||